Statistics for Prefix Click Quiz: D

Click here to take the quiz!

General Stats

  • This quiz has been taken 112 times
  • The average score is 12 of 15

Answer Stats

HintAnswer% Correct
ToothDent-
92%
DragonDrac-
87%
SleepDorm-
86%
SweetDulc-
86%
MasterDomin-
84%
SkinDer-
83%
TwoDi-
83%
D (letter)Delt-
81%
SpeakDict-
81%
FingerDigit-
81%
PeopleDem-
78%
TreeDendr-
78%
RightDexi-
71%
PowerDyna-
60%
SecondDeuter-
44%

Score Distribution

Percentile by Number Answered

Percent of People with Each Score

Your Score History

You have not taken this quiz